| 000 | 00464nam a2200145Ia 4500 | ||
|---|---|---|---|
| 008 | 230519s9999 xx 000 0 und d | ||
| 020 | _a978-81-947276-2-0 | ||
| 041 | _aeng | ||
| 082 | _aEN/420/SHA/DB0962 | ||
| 100 |
_aSharma Shivani & Sood Sarika _9180570 |
||
| 245 | _aTextbook of Communicative English for Undergraduate and Diploma Nursing Students | ||
| 260 |
_bVision Health Sciences Publishers _aPanjab _c2021 |
||
| 300 | _a207p | ||
| 999 |
_c159546 _d159546 |
||